Central Library OPAC University of Rajshahi

International bond issues of the less-developed countries : (Record no. 2944)

MARC details
000 -LEADER
fixed length control field 00869cam a2200289 4500
001 - CONTROL NUMBER
control field 2944
003 - CONTROL NUMBER IDENTIFIER
rucl marc code BD-RjUL
005 - DATE AND TIME OF LATEST TRANSACTION
control field 20211208233640.0
008 - FIXED-LENGTH DATA ELEMENTS--GENERAL INFORMATION
fixed length control field 131217s1969 iau b 001 0 eng
020 ## - INTERNATIONAL STANDARD BOOK NUMBER
International Standard Book Number 0813816793
035 ## - SYSTEM CONTROL NUMBER
System control number (BD-RjUL)2972
040 ## - CATALOGING SOURCE
Original cataloging agency DLC
Transcribing agency DLC
Modifying agency DLC
-- BD-RjUL
Language of cataloging eng
041 ## - LANGUAGE CODE
Language code of text/sound track or separate title eng
082 00 - DEWEY DECIMAL CLASSIFICATION NUMBER
Classification number 332.6323
Author mark and year CHI 1969
100 1# - MAIN ENTRY--PERSONAL NAME
Personal name Cheng, Hang-sheng,
Dates associated with a name 1920-
9 (RLIN) 9404
245 10 - TITLE STATEMENT
Title International bond issues of the less-developed countries :
Remainder of title diagnosis and prescription /
260 ## - PUBLICATION, DISTRIBUTION, ETC. (IMPRINT)
Place of publication, distribution, etc. Ames :
Name of publisher, distributor, etc. Iowa State University Press,
Date of publication, distribution, etc. c1969
300 ## - PHYSICAL DESCRIPTION
Pagination xiii, 95 p. ;
Size 24 cm.
504 ## - BIBLIOGRAPHY, ETC. NOTE
Bibliography, etc Bibliographical footnotes.
Bibliography, etc Includes Index.
610 20 - SUBJECT ADDED ENTRY--CORPORATE NAME
Corporate name or jurisdiction name as entry element World Bank.
650 #0 - SUBJECT ADDED ENTRY--TOPICAL TERM
Topical term or geographic name as entry element Finance
Geographic subdivision Developing countries.
9 (RLIN) 9405
Topical term or geographic name as entry element International finance.
9 (RLIN) 461
942 ## - ADDED ENTRY ELEMENTS (KOHA)
Source of classification or shelving scheme Dewey Decimal Classification
Koha item type Books
Holdings
Lost status Source of classification or shelving scheme Damaged status Not for loan Collection code Permanent Location Current Location Shelving location Date acquired Source of acquisition Cost, normal purchase price Total Checkouts Full call number Date last seen Copy number Koha item type
  Dewey Decimal Classification   Not For Loan Non-fiction Central Library, University of Rajshahi Central Library, University of Rajshahi Reading Room 21/09/1972 Zithlinger 2.15   332.6323 CHI 1969 17/12/2013 C-1 Books